Information technology : The breaking wave

A concise introduction to computer concepts, this reference book covers traditional core topics, each introduced and exemplified over two pages, illustrated by photographs and line art. It is written to integrate with the multimedia CD-ROM "PACE", which is packaged with the book.

Guardado en:
Detalles Bibliográficos
Formato: Libro
Lenguaje:Undetermined
Publicado: Boston McGraw-Hill 1998
Materias:
Etiquetas: Agregar Etiqueta
Sin Etiquetas, Sea el primero en etiquetar este registro!
Thư viện lưu trữ: Trung tâm Học liệu Trường Đại học Cần Thơ
LEADER 00827nam a2200205Ia 4500
001 CTU_186751
008 210402s9999 xx 000 0 und d
020 |c 8.48 
082 |a 004 
082 |b I.43 
245 0 |a Information technology : 
245 4 |b The breaking wave 
245 0 |c Dennis P. Curtin ... [et al.] 
260 |a Boston 
260 |b McGraw-Hill 
260 |c 1998 
520 |a A concise introduction to computer concepts, this reference book covers traditional core topics, each introduced and exemplified over two pages, illustrated by photographs and line art. It is written to integrate with the multimedia CD-ROM "PACE", which is packaged with the book. 
650 |a Information technology,Công nghệ thông tin 
904 |i Trúc 
980 |a Trung tâm Học liệu Trường Đại học Cần Thơ